LEADER 01418nam2-2200385li-450 001 990000216460203316 005 20180312154736.0 010 $a3-540-56288-5 035 $a0021646 035 $aUSA010021646 035 $a(ALEPH)000021646USA01 035 $a0021646 100 $a20001109d1992----km-y0itay0103----ba 101 0 $aeng 102 $aGW 200 1 $aMultiplication of distributions$ea tool in mathematical, numerical engineering and theoretical physics$fJean Francois Colombeau 210 $aBerlin [etc.]$cSpringer-Verlag$dcopyr. 1992 215 $aX, 163 p.$cill.$d24 cm 225 2 $aLecture notes in mathematics$v1532 410 0$10010021263$12001$aLecture notes in mathematics$ea collection of informal reports and seminars$fedited by A. Dold, Heidelberg and B. Eckmann, Zürich 610 1 $ateoria della distribuzione 676 $a515782$9Teoria della distibuzione 700 1$aColombeau,$bJean François$041531 801 $aSistema bibliotecario di Ateneo dell' Università di Salerno$gRICA 912 $a990000216460203316 951 $a510 LNM (1532)$b0015067 CBS$c510$d00110503 959 $aBK 969 $aSCI 979 $c19931227 979 $c20001110$lUSA01$h1714 979 $aALANDI$b90$c20011203$lUSA01$h1536 979 $c20020403$lUSA01$h1629 979 $aPATRY$b90$c20040406$lUSA01$h1616 996 $aMultiplication of distributions$978742 997 $aUNISA